[Event "XXVI. Rhein-Main-Open, Gruppe A"]
[Site "Bad Homburg vor der Höhe"]
[Date "2024.05.28"]
[Round "1"]
[White "Dubinker, Philipp"]
[Black "Hoelss, Manuel"]
[Result "1-0"]
[WhiteElo "1921"]
[BlackElo "1788"]
[PlyCount "53"]
[EventDate "2024.??.??"]
[WhiteTeam "SK Marburg 1931/72"]
[BlackTeam "SSG Hungen-Lich"]

1. Nf3 f5 2. d4 Nf6 3. g3 g6 4. Bg2 Bg7 5. O-O O-O 6. c4 d6 7. Nc3 Qe8 8. d5 c6 9. Nd4 e5 10. dxe6 Bxe6 11. Ncb5 Na6 12. Nxd6 Qe7 13. Nxe6 Qxe6 14. Nxb7 Rab8 15. Qa4 c5 16. Bf4 Rbe8 17. Nd6 Rd8 18. Qxa6 g5 19. Bd5 Nxd5 20. cxd5 Qg6 21. Be3 Rxd6 22. Qxa7 Bxb2 23. Rab1 Ra6 24. Qxc5 Rxa2 25. Qc4 Rfa8 26. d6+ Kg7 27. Rxb2 1-0

[Event "XXVI. Rhein-Main-Open, Gruppe A"]
[Site "Bad Homburg vor der Höhe"]
[Date "2024.05.28"]
[Round "1"]
[White "Erdmann, Stefan"]
[Black "Klemp, Torben"]
[Result "1-0"]
[WhiteElo "2110"]
[BlackElo "1893"]
[Annotator "thoma"]
[PlyCount "63"]
[EventDate "2024.??.??"]
[WhiteTeam "SK Bad Homburg 1927"]
[BlackTeam "SV Oberursel"]

{[%evp 0,25,30,30,74,50,51,48,73,76,81,71,93,65,88,37,24,0,3,-15,-14,-11,-11,-28,26,-1,42,-4]} 1. d4 d5 2. c4 c6 3. Nf3 Nf6 4. Nbd2 Bf5 5. Qb3 Qb6 6. Nh4 Bg6 7. Qh3 Nbd7 8. Nxg6 fxg6 9. e3 Kf7 10. c5 Qc7 11. Nf3 Ne4 12. Bd3 Ndf6 13. Ne5+ Ke8 14. f3 Ng5 15. Bxg6+ hxg6 16. Qxh8 Nf7 17. Nxf7 Kxf7 18. Qh3 e5 19. O-O b6 20. Qg3 Re8 21. b4 Nh5 22. Qf2 a5 23. cxb6 Qxb6 24. bxa5 Qxa5 25. Bd2 Qa3 26. Rfb1 exd4 27. exd4 c5 28. Rb3 Qa6 29. dxc5 g5 30. Qd4 Qc6 31. Rc1 Re2 32. Kf1 1-0

[Event "XXVI. Rhein-Main-Open, Gruppe A"]
[Site "Bad Homburg vor der Höhe"]
[Date "2024.05.28"]
[Round "1"]
[White "Eull, Emil"]
[Black "Moldenhauer, Lennart"]
[Result "1-0"]
[WhiteElo "2113"]
[BlackElo "1768"]
[PlyCount "85"]
[EventDate "2024.??.??"]
[WhiteTeam "SF Neuberg"]
[BlackTeam "SV Oberursel"]

1. Nf3 g6 2. c4 Bg7 3. Nc3 d6 4. g3 e5 5. Bg2 Nc6 6. O-O h5 7. h4 Nh6 8. Rb1 O-O 9. b4 Ng4 10. b5 Nd4 11. Nxd4 exd4 12. Nd5 Bd7 13. d3 c6 14. bxc6 bxc6 15. Nb4 Qc7 16. Bf4 a5 17. Nc2 Be5 18. Qd2 Rfe8 19. Bxe5 dxe5 20. Rb2 Rab8 21. Rfb1 Rxb2 22. Rxb2 Kg7 23. Qe1 Nh6 24. Qb1 Nf5 25. Rb7 Qc8 26. Qb6 a4 27. Qa7 Be6 28. Rc7 Qb8 29. Qxb8 Rxb8 30. Bxc6 Rb2 31. Bxa4 Rxa2 32. Ra7 Nd6 33. Kf1 Nc8 34. Ra6 Nb6 35. Rxb6 Rxa4 36. Rb2 Kf6 37. Ke1 Bf5 38. Kd2 Ra6 39. f4 Bg4 40. fxe5+ Kxe5 41. Rb5+ Kf6 42. Nxd4 Ra2+ 43. Ke3 1-0

[Event "XXVI. Rhein-Main-Open, Gruppe A"]
[Site "Bad Homburg vor der Höhe"]
[Date "2024.05.28"]
[Round "1"]
[White "Faqiry, Ramat"]
[Black "Schulze, Fabian"]
[Result "1-0"]
[WhiteElo "1982"]
[BlackElo "1790"]
[PlyCount "51"]
[EventDate "2024.??.??"]
[WhiteTeam "SK Bad Homburg 1927"]
[BlackTeam "SC Steinbach"]

1. d4 d5 2. c4 e6 3. Nf3 c6 4. Nc3 dxc4 5. a4 Bb4 6. g3 b5 7. Bg2 Bb7 8. O-O Qb6 9. e4 Nf6 10. e5 Nd5 11. Ne4 h6 12. Nh4 Nd7 13. Qg4 Bf8 14. Nd6+ Bxd6 15. Qxg7 Bxe5 16. dxe5 Rf8 17. a5 Qc7 18. a6 Bc8 19. Bxh6 Ne7 20. Qh7 Rg8 21. Rfe1 Nf8 22. Qe4 Bd7 23. Bd2 Nfg6 24. Nxg6 Rxg6 25. h4 Nd5 26. h5 1-0

[Event "XXVI. Rhein-Main-Open, Gruppe A"]
[Site "Bad Homburg vor der Höhe"]
[Date "2024.05.28"]
[Round "1"]
[White "Fischer, Daniel"]
[Black "Gaertner, Johannes"]
[Result "1/2-1/2"]
[WhiteElo "1977"]
[BlackElo "1853"]
[PlyCount "35"]
[EventDate "2024.??.??"]
[BlackTeam "Sfr.Mainz 1928"]

1. Nf3 d5 2. g3 c5 3. Bg2 Nc6 4. d4 e6 5. O-O Nf6 6. c4 dxc4 7. dxc5 Qxd1 8. Rxd1 Bxc5 9. Nbd2 c3 10. bxc3 O-O 11. Nb3 Be7 12. Nfd4 Rd8 13. Bg5 Bd7 14. Nxc6 Bxc6 15. Rxd8+ Bxd8 16. Bxc6 bxc6 17. Nd4 Rc8 18. Rd1 1/2-1/2

[Event "XXVI. Rhein-Main-Open, Gruppe A"]
[Site "Bad Homburg vor der Höhe"]
[Date "2024.05.28"]
[Round "1"]
[White "Foerster Yialamas, Lucas"]
[Black "Pichl, Christoph"]
[Result "1-0"]
[WhiteElo "2116"]
[BlackElo "1837"]
[PlyCount "91"]
[EventDate "2024.??.??"]
[WhiteTeam "Sabt Frankfurter TV 1860"]
[BlackTeam "SK Bad Homburg 1927"]

1. e4 e6 2. d4 d5 3. Nc3 h6 4. Bd3 Nc6 5. Nge2 Nb4 6. O-O c5 7. dxc5 Bxc5 8. a3 dxe4 9. axb4 exd3 10. bxc5 dxe2 11. Qxe2 Nf6 12. Bf4 O-O 13. Bd6 Re8 14. Nb5 Re7 15. Bxe7 Qxe7 16. Qe5 Nd5 17. Rxa7 Rxa7 18. Nxa7 Qxc5 19. Qb8 Ne7 20. Rd1 Qxc2 21. Rd8+ Kh7 22. h3 Qc1+ 23. Kh2 e5 24. Qxe5 Be6 25. Rd3 Ng6 26. Qd4 Qf4+ 27. Qxf4 Nxf4 28. Rd8 Kg6 29. Nb5 Kf6 30. Nc3 Ke5 31. Rb8 Nd3 32. Rxb7 Nxf2 33. Kg3 Nd3 34. Kf3 Kd4 35. Ne2+ Kc5 36. Ke3 Ne5 37. Nd4 Nc4+ 38. Kd3 Ne5+ 39. Kc3 Bd5 40. Rb5+ Kd6 41. Nf5+ Kc6 42. Ra5 Ng6 43. g3 Be6 44. h4 Bxf5 45. Rxf5 f6 46. b4 1-0

[Event "XXVI. Rhein-Main-Open, Gruppe A"]
[Site "Bad Homburg vor der Höhe"]
[Date "2024.05.28"]
[Round "1"]
[White "Gerhard, Dominik"]
[Black "Rosenberger, Frank"]
[Result "0-1"]
[WhiteElo "1781"]
[BlackElo "2033"]
[PlyCount "68"]
[EventDate "2024.??.??"]
[WhiteTeam "SV Oberursel"]
[BlackTeam "SK 1980 Gernsheim"]

1. c4 e6 2. Nc3 d5 3. d4 Nf6 4. cxd5 exd5 5. Bg5 Be7 6. e3 c6 7. Bd3 O-O 8. Qc2 h6 9. Bh4 Re8 10. Nge2 Nbd7 11. O-O Ne4 12. Bxe7 Qxe7 13. Bxe4 dxe4 14. Ng3 Nf6 15. Rab1 h5 16. b4 h4 17. Nge2 h3 18. g3 Bg4 19. b5 Qe6 20. Rfc1 Qf5 21. Qd1 Bf3 22. bxc6 bxc6 23. Na4 Qa5 24. Rb2 Rab8 25. Rd2 Rb4 26. Nc5 Reb8 27. Nb3 Qb6 28. Qc2 a5 29. Qxc6 a4 30. Qxb6 R4xb6 31. Nc5 Rb1 32. Rdc2 Bxe2 33. Nxa4 Bd1 34. Rb2 Rxc1 0-1

[Event "XXVI. Rhein-Main-Open, Gruppe A"]
[Site "Bad Homburg vor der Höhe"]
[Date "2024.05.28"]
[Round "1"]
[White "Haack, Kevin"]
[Black "Zimmer, Gerald"]
[Result "1-0"]
[WhiteElo "2286"]
[BlackElo "1944"]
[Annotator "thoma"]
[PlyCount "47"]
[EventDate "2024.??.??"]
[WhiteTeam "SV 1920 Hofheim"]
[BlackTeam "SC Bergen-Enkheim 1922"]

{[%evp 0,15,26,8,8,0,35,18,29,14,14,15,5,17,17,12,12,8]} 1. d4 Nf6 2. c4 e6 3. g3 d5 4. Bg2 c6 5. Nf3 Bb4+ 6. Nbd2 O-O 7. O-O Nbd7 8. Qc2 Re8 9. e4 dxe4 10. Nxe4 e5 11. dxe5 Nxe5 12. Rd1 Qe7 13. Bg5 Bg4 14. Nd4 Bxd1 15. Rxd1 Rad8 16. a3 Ba5 17. Bxf6 gxf6 18. Nf5 Rxd1+ 19. Qxd1 Qe6 20. Qh5 Rd8 21. Bh3 Kh8 22. Kg2 Nxc4 23. Nfd6 Qd5 24. Bf5 1-0

[Event "XXVI. Rhein-Main-Open, Gruppe A"]
[Site "Bad Homburg vor der Höhe"]
[Date "2024.05.28"]
[Round "1"]
[White "Hagner, Bennet"]
[Black "Qayumi, Roman"]
[Result "1-0"]
[WhiteElo "2314"]
[BlackElo "1889"]
[PlyCount "41"]
[EventDate "2024.??.??"]
[WhiteTeam "OSG Baden-Baden"]
[BlackTeam "SK Stadtallendorf"]

1. d4 d5 2. c4 c6 3. Nf3 Nf6 4. e3 e6 5. Bd3 Nbd7 6. O-O Bd6 7. Nc3 dxc4 8. Bxc4 b5 9. Bb3 O-O 10. e4 e5 11. Bg5 b4 12. Na4 h6 13. Bh4 g5 14. Bg3 Nxe4 15. Qc2 Nxg3 16. Qg6+ Kh8 17. Qxh6+ Kg8 18. Nxg5 Ne2+ 19. Kh1 Nf6 20. Qg6+ Kh8 21. Bxf7 1-0

[Event "XXVI. Rhein-Main-Open, Gruppe A"]
[Site "Bad Homburg vor der Höhe"]
[Date "2024.05.28"]
[Round "1"]
[White "Henn, Jakob"]
[Black "Calvi, Stefan"]
[Result "0-1"]
[WhiteElo "1760"]
[BlackElo "1971"]
[PlyCount "92"]
[EventDate "2024.??.??"]
[WhiteTeam "SC Bad Nauheim"]
[BlackTeam "SV Oberursel"]

1. e4 c5 2. Nc3 Nc6 3. g3 g6 4. Bg2 Bg7 5. d3 e6 6. Be3 d6 7. Qd2 Qa5 8. Nge2 Bd7 9. O-O Nge7 10. Bh6 O-O 11. Bxg7 Kxg7 12. f4 Nd4 13. g4 f5 14. h3 Rae8 15. Ng3 b5 16. Rf2 Kh8 17. Nd1 Qxd2 18. Rxd2 fxg4 19. Rf2 e5 20. fxe5 dxe5 21. c3 Ndc6 22. h4 h5 23. Ne3 Rxf2 24. Kxf2 Nd8 25. Nd5 Ne6 26. Ke3 Kg7 27. Rf1 Ng8 28. a3 Rf8 29. Rxf8 Kxf8 30. Bh1 Kg7 31. Bg2 Kh6 32. Bh1 Ng7 33. Kf2 g5 34. hxg5+ Kxg5 35. d4 cxd4 36. cxd4 h4 37. Ne2 g3+ 38. Kg1 Bg4 39. Nec3 exd4 40. Nxb5 d3 41. Ne3 d2 42. Nxa7 h3 43. a4 Ne6 44. a5 Nf4 45. Nb5 h2+ 46. Kf1 Be2# 0-1

[Event "XXVI. Rhein-Main-Open, Gruppe A"]
[Site "Bad Homburg vor der Höhe"]
[Date "2024.05.28"]
[Round "1"]
[White "Hessler Carbonell, Louis"]
[Black "Werner, Claus"]
[Result "0-1"]
[WhiteElo "1874"]
[BlackElo "2179"]
[PlyCount "64"]
[EventDate "2024.??.??"]
[WhiteTeam "SK Marburg 1931/72"]
[BlackTeam "SG Post/Süd Regensburg"]

1. f4 g6 2. e4 c6 3. Nf3 d5 4. e5 Bg4 5. h3 Bxf3 6. Qxf3 e6 7. d4 Qb6 8. c3 h5 9. Nd2 Ne7 10. Bd3 Nf5 11. g4 Nh4 12. Qg3 Be7 13. g5 Nf5 14. Bxf5 exf5 15. b4 a5 16. bxa5 Rxa5 17. Nb3 Ra4 18. Rh2 Nd7 19. Qf3 Qa6 20. Re2 Nf8 21. Be3 Ne6 22. Rc2 O-O 23. Qe2 b5 24. Nc5 Bxc5 25. dxc5 Re4 26. Kf2 Nxf4 27. Qf3 Nd3+ 28. Kg2 Nxe5 29. Qg3 Qa4 30. Rf2 h4 31. Qxe5 Rxe5 32. Rf4 Re4 0-1

[Event "XXVI. Rhein-Main-Open, Gruppe A"]
[Site "Bad Homburg vor der Höhe"]
[Date "2024.05.28"]
[Round "1"]
[White "Hinz, Andre"]
[Black "Schmid, Roland"]
[Result "0-1"]
[WhiteElo "1855"]
[BlackElo "2197"]
[PlyCount "82"]
[EventDate "2024.??.??"]
[WhiteTeam "SC Brett vorm Kopp Ffm"]
[BlackTeam "SG Post/Süd Regensburg"]

1. c4 Nf6 2. Nf3 e6 3. e3 d5 4. Nc3 Bd6 5. d4 O-O 6. cxd5 exd5 7. Bd3 c6 8. h3 Re8 9. O-O Nbd7 10. a3 a5 11. Qc2 Qe7 12. Nd2 Bc7 13. e4 dxe4 14. Ndxe4 Nxe4 15. Bxe4 Nf6 16. Re1 Bf5 17. Bg5 Qd6 18. Bxf6 Qh2+ 19. Kf1 gxf6 20. Rad1 Kh8 21. f3 Bg3 22. Ne2 Bxe4 23. fxe4 Bxe1 24. Rxe1 Rad8 25. Kf2 Qd6 26. Qb3 Rxe4 27. Qxf7 Rde8 28. Qh5 f5 29. Kf1 Qg6 30. Qf3 Qe6 31. Qc3 Qd5 32. b4 Re3 33. Qb2 f4 34. Kf2 f3 35. Nf4 Rxe1 36. gxf3 Qc4 37. d5+ Kg8 38. Ne6 Qf1+ 39. Kg3 Qg1+ 40. Kh4 cxd5 41. Ng5 h6 0-1

[Event "XXVI. Rhein-Main-Open, Gruppe A"]
[Site "Bad Homburg vor der Höhe"]
[Date "2024.05.28"]
[Round "1"]
[White "Hipler, Andreas"]
[Black "Mueller, Christian"]
[Result "0-1"]
[WhiteElo "1884"]
[BlackElo "2197"]
[PlyCount "76"]
[EventDate "2024.??.??"]
[WhiteTeam "SK Gau-Algesheim"]
[BlackTeam "SC Windischeschenbach"]

1. d4 d5 2. Nf3 Nf6 3. g3 c5 4. Bg2 cxd4 5. O-O h6 6. b3 e6 7. Bb2 Be7 8. Nxd4 O-O 9. e3 e5 10. Ne2 Nc6 11. c4 Be6 12. cxd5 Bxd5 13. Nbc3 Bxg2 14. Kxg2 Qa5 15. a3 e4 16. Qc2 Qf5 17. Ng1 Rac8 18. Qe2 Na5 19. b4 Nc4 20. Rad1 Nxb2 21. Qxb2 Rc4 22. Nce2 Rfc8 23. Nd4 Qh5 24. Rc1 Ng4 25. h3 Ne5 26. Rxc4 Nxc4 27. Qa2 Qd5 28. Ra1 h5 29. Nge2 h4 30. Nf4 Qe5 31. Rc1 Nxe3+ 32. fxe3 Rxc1 33. g4 Bg5 34. Nde2 Rc8 35. Ng6 Qe6 36. Qxe6 fxe6 37. Nd4 Kh7 38. Ne7 Bxe7 0-1

[Event "XXVI. Rhein-Main-Open, Gruppe A"]
[Site "Bad Homburg vor der Höhe"]
[Date "2024.05.28"]
[Round "1"]
[White "Hoelss, Silas"]
[Black "Iwanziw, Niklas"]
[Result "0-1"]
[WhiteElo "1756"]
[BlackElo "1932"]
[PlyCount "46"]
[EventDate "2024.??.??"]
[WhiteTeam "SSG Hungen-Lich"]
[BlackTeam "SF Neuberg"]

1. e4 c5 2. Nf3 e6 3. b3 Nf6 4. e5 Nd5 5. c4 Nb6 6. Nc3 d5 7. exd6 Bxd6 8. Ne4 Be7 9. Bb2 O-O 10. Be2 f5 11. Ng3 Bf6 12. Qc2 Nc6 13. a3 a5 14. Bxf6 Qxf6 15. Qc3 e5 16. O-O Bd7 17. d3 Rae8 18. Nd2 Nd4 19. Qxa5 f4 20. Bh5 fxg3 21. Bxe8 Qh4 22. h3 Ne2+ 23. Kh1 Bxh3 0-1

[Event "XXVI. Rhein-Main-Open, Gruppe A"]
[Site "Bad Homburg vor der Höhe"]
[Date "2024.05.28"]
[Round "1"]
[White "Hornung, Thomas"]
[Black "Feick, Claas Marten"]
[Result "1-0"]
[WhiteElo "2031"]
[BlackElo "1772"]
[PlyCount "85"]
[EventDate "2024.??.??"]
[WhiteTeam "SK Eberstadt 1924"]
[BlackTeam "SF Neuberg"]

1. d4 f5 2. c4 Nf6 3. e3 g6 4. Nf3 Bg7 5. Nc3 O-O 6. Be2 d6 7. O-O c6 8. b4 Qe8 9. Qb3 e5 10. dxe5 dxe5 11. Ba3 Nbd7 12. Ng5 b6 13. c5+ Kh8 14. Ne6 Nxc5 15. Nxc5 bxc5 16. bxc5 Be6 17. Qc2 Nd5 18. Nxd5 Bxd5 19. Rab1 Qd8 20. Rfd1 Qg5 21. Rxd5 cxd5 22. c6 Rfc8 23. Ba6 Rc7 24. Bd6 Qd8 25. Bxc7 Qxc7 26. Rb7 Qa5 27. Qb3 Qxa6 28. Rb8+ Bf8 29. c7 Qc6 30. Qb2 Qxc7 31. Rxa8 Kg7 32. Rb8 Qa5 33. Qxe5+ Kh6 34. g3 Qc5 35. Qf4+ Kg7 36. Rb7+ Kf6 37. h4 h6 38. Qa4 Qc1+ 39. Kg2 a5 40. Qd7 Qc4 41. Rb6+ Bd6 42. Rxd6+ Ke5 43. Qe6# 1-0

[Event "XXVI. Rhein-Main-Open, Gruppe A"]
[Site "Bad Homburg vor der Höhe"]
[Date "2024.05.28"]
[Round "1"]
[White "Jenisch, Achim"]
[Black "Seidel, Andre"]
[Result "0-1"]
[WhiteElo "1948"]
[BlackElo "2157"]
[PlyCount "70"]
[EventDate "2024.??.??"]
[WhiteTeam "SF Botvinnik Steinsfurt"]
[BlackTeam "SV Oberursel"]

1. e4 e6 2. d4 d5 3. Bd3 dxe4 4. Bxe4 Nf6 5. Bf3 c5 6. Ne2 Nc6 7. Be3 cxd4 8. Nxd4 Ne5 9. Be2 Be7 10. O-O O-O 11. Nd2 a6 12. h3 Nd5 13. N2f3 Nxf3+ 14. Bxf3 Nxe3 15. fxe3 Qc7 16. c3 e5 17. Nc2 Be6 18. Qe1 Rad8 19. Qg3 Bd6 20. Qh4 Bc4 21. Rf2 Bd3 22. Be4 Bxe4 23. Qxe4 g6 24. Raf1 f5 25. Qf3 e4 26. Qe2 Bg3 27. Nd4 Bxf2+ 28. Rxf2 Rde8 29. g4 f4 30. exf4 Rxf4 31. Qf1 Rxf2 32. Qxf2 Qf7 33. Nb3 Rf8 34. Qxf7+ Rxf7 35. Nc5 e3 0-1

[Event "XXVI. Rhein-Main-Open, Gruppe A"]
[Site "Bad Homburg vor der Höhe"]
[Date "2024.05.28"]
[Round "1"]
[White "Jonnek, Thomas"]
[Black "Stiller, Bjoern"]
[Result "1-0"]
[WhiteElo "1996"]
[BlackElo "1815"]
[PlyCount "81"]
[EventDate "2024.??.??"]
[WhiteTeam "SF Bremer Osten Bgh. Mahndorf"]
[BlackTeam "SSG Hungen-Lich"]

1. d4 Nf6 2. Nf3 d5 3. Bf4 c5 4. e3 Nc6 5. c3 Bf5 6. Nbd2 e6 7. Qb3 Qb6 8. Qxb6 axb6 9. a3 c4 10. h3 b5 11. Rc1 h6 12. Be2 Be7 13. O-O O-O 14. Rfe1 Nd7 15. Bd1 Nf6 16. Ne5 Nxe5 17. Bxe5 Rfe8 18. Bc2 Bxc2 19. Rxc2 Kf8 20. Bxf6 Bxf6 21. f4 Bh4 22. Re2 f5 23. g4 Bf6 24. Nf3 Be7 25. Rg2 Ra6 26. h4 fxg4 27. Rxg4 Bf6 28. Kh2 Re7 29. Kh3 Rc6 30. Rcg2 Rcc7 31. Rg6 Ke8 32. h5 Kd7 33. Nh2 Kc6 34. Ng4 Kb6 35. Nxf6 gxf6 36. Rxf6 Ka5 37. Rxh6 Ka4 38. Rhg6 Kb3 39. h6 Rh7 40. Kh4 Rce7 41. Kh5 1-0

[Event "XXVI. Rhein-Main-Open, Gruppe A"]
[Site "Bad Homburg vor der Höhe"]
[Date "2024.05.28"]
[Round "1"]
[White "Knuplesch, Ulrich"]
[Black "Varma, Christopher"]
[Result "0-1"]
[WhiteElo "1725"]
[BlackElo "1936"]
[PlyCount "96"]
[EventDate "2024.??.??"]
[WhiteTeam "SK Bad Homburg 1927"]
[BlackTeam "SV Oberursel"]

1. d4 Nf6 2. c4 g6 3. Nc3 Bg7 4. e4 d6 5. Be2 O-O 6. h3 c5 7. d5 e6 8. Nf3 exd5 9. exd5 Bf5 10. O-O Na6 11. a3 Ne4 12. Nxe4 Bxe4 13. Bd3 Bxf3 14. Qxf3 Nc7 15. Rb1 a5 16. Bf4 Re8 17. Qg3 Be5 18. Rfe1 Bxf4 19. Qxf4 Kg7 20. Re3 Rxe3 21. fxe3 Qf6 22. Rf1 Qxf4 23. Rxf4 Ra6 24. g4 Rb6 25. Rf2 Rb3 26. Rd2 b5 27. Kf2 bxc4 28. Bxc4 Rb8 29. g5 h6 30. gxh6+ Kxh6 31. Kf3 Kg5 32. Rg2+ Kh4 33. b3 Re8 34. Rg3 Rxe3+ 35. Kxe3 Kxg3 36. a4 Kxh3 37. Kf4 f6 38. Bf1+ Kh2 39. Bc4 Kg2 40. Kg4 Kf2 41. Kf4 Ke1 42. Ke3 Kd1 43. Kd3 f5 44. Ke3 g5 45. Kd3 Ne8 46. Ke3 Nf6 47. Be2+ Kc1 48. Bc4 Kb2 0-1

[Event "XXVI. Rhein-Main-Open, Gruppe A"]
[Site "Bad Homburg vor der Höhe"]
[Date "2024.05.28"]
[Round "1"]
[White "Koehlich, Viktor"]
[Black "Muehlpfordt, Thomas"]
[Result "1/2-1/2"]
[WhiteElo "1798"]
[BlackElo "1990"]
[PlyCount "103"]
[EventDate "2024.??.??"]
[WhiteTeam "SC Matt im Park Ffm"]
[BlackTeam "SC 1997 Lambsheim"]

1. d4 d5 2. Nf3 Nf6 3. c3 Bf5 4. Qb3 Qc8 5. c4 e6 6. Nc3 c6 7. Bf4 h6 8. h3 Nbd7 9. e3 Be7 10. Be2 Ne4 11. cxd5 exd5 12. Rc1 Nxc3 13. Qxc3 O-O 14. O-O Nf6 15. Nd2 Ne4 16. Nxe4 Bxe4 17. f3 Bh7 18. Bd3 Bxd3 19. Qxd3 Qd7 20. Rfe1 Bd6 21. Bxd6 Qxd6 22. a3 Rae8 23. Qb3 Qd7 24. Qa4 a6 25. Qb4 Re6 26. Qd2 Qe7 27. Rc3 Re8 28. Qd3 Qh4 29. Qd2 Rg6 30. Kf1 Qg3 31. Qf2 Qh2 32. Qg1 Qd6 33. Rb3 Qe7 34. Qf2 Re6 35. Qd2 f5 36. Qd3 Qf7 37. g3 Qh5 38. Kg2 f4 39. Qd2 Qg5 40. exf4 Qf5 41. Re5 Rxe5 42. fxe5 c5 43. dxc5 Rxe5 44. Rxb7 d4 45. Rb8+ Kh7 46. Rb3 Qe6 47. Qd3+ Kg8 48. Rb8+ Kf7 49. Rb7+ Kg8 50. Rb8+ Kf7 51. Rb7+ Kg8 52. Rb8+ 1/2-1/2

[Event "XXVI. Rhein-Main-Open, Gruppe A"]
[Site "Bad Homburg vor der Höhe"]
[Date "2024.05.28"]
[Round "1"]
[White "Kuckel, Michael"]
[Black "Diedrichs, Ralf Christian"]
[Result "0-1"]
[WhiteElo "1720"]
[BlackElo "1932"]
[PlyCount "76"]
[EventDate "2024.??.??"]
[WhiteTeam "SC Matt im Park Ffm"]
[BlackTeam "SG Holzminden"]

1. d4 c5 2. e3 e6 3. Nf3 d5 4. Bd3 Nf6 5. c3 Be7 6. Nbd2 Nc6 7. O-O O-O 8. Qe2 Re8 9. Ne5 Qc7 10. f4 b6 11. Nxc6 Qxc6 12. Bb5 Qc7 13. Bxe8 Nxe8 14. e4 dxe4 15. Nxe4 cxd4 16. cxd4 Bb7 17. Bd2 Qc2 18. Rfe1 Qxb2 19. Qd3 Rd8 20. Be3 Nf6 21. Nf2 Qb4 22. Rec1 Qd6 23. Rc2 Qd5 24. Qf1 Qf5 25. Rac1 Ba3 26. Rc7 Bxc1 27. Rxc1 Qd5 28. a3 h6 29. h3 Rd7 30. Nd3 Ba6 31. Qd1 Qe4 32. Bf2 Qxd3 33. Qa4 Qb5 34. Rc8+ Kh7 35. Qc2+ Qf5 36. Rc7 Qxc2 37. Rxc2 Nd5 38. g3 Rc7 0-1

[Event "XXVI. Rhein-Main-Open, Gruppe A"]
[Site "Bad Homburg vor der Höhe"]
[Date "2024.05.28"]
[Round "1"]
[White "Kuhn, Gerhard"]
[Black "Wilk, Jan"]
[Result "0-1"]
[WhiteElo "1989"]
[BlackElo "1874"]
[PlyCount "156"]
[EventDate "2024.??.??"]
[WhiteTeam "SK Marburg 1931/72"]
[BlackTeam "SC Bellheim"]

1. e4 e6 2. d4 d5 3. Nd2 Nf6 4. e5 Nfd7 5. f4 c5 6. Ndf3 Qb6 7. c3 Nc6 8. Ne2 Be7 9. g3 cxd4 10. Nexd4 Nc5 11. Bg2 O-O 12. O-O Ne4 13. Qe2 Bd7 14. Be3 Bc5 15. Rfe1 Rac8 16. Rab1 Ne7 17. Nd2 Bb5 18. Nxb5 Bxe3+ 19. Qxe3 Nxd2 20. Qxb6 axb6 21. Rbd1 Nc4 22. Re2 Nf5 23. Rd3 Rc5 24. Nd4 Ne7 25. Rf2 Rcc8 26. h3 Na5 27. g4 Nac6 28. Nb5 g5 29. Nd6 Rc7 30. f5 Nxe5 31. Re3 N7c6 32. fxe6 fxe6 33. Rfe2 Rd7 34. Nb5 Ng6 35. Rd2 Nf4 36. Bh1 e5 37. Kh2 Rff7 38. Re1 Kg7 39. Red1 Ne7 40. Re1 Nc6 41. Red1 Ne7 42. Re1 Kf6 43. Kg3 h5 44. Bf3 hxg4 45. Bxg4 Nf5+ 46. Kf2 e4 47. Bxf5 Kxf5 48. Nd4+ Kg6 49. Kg3 Rde7 50. Nc2 Nd3 51. Re3 Rh7 52. Ne1 Nf4 53. Rh2 Kf5 54. Nc2 Rh4 55. Nd4+ Kf6 56. Ne2 Nxe2+ 57. Rexe2 Rf4 58. Re3 Ke5 59. Rd2 Ref7 60. Rde2 Rf3+ 61. Kg4 R7f4+ 62. Kxg5 Rxe3 63. Rxe3 Rf3 64. Re2 Rxh3 65. Kg4 Rh7 66. Kg3 d4 67. cxd4+ Kxd4 68. Re1 Rf7 69. Rd1+ Ke3 70. Re1+ Kd3 71. Rd1+ Kc2 72. Rd6 e3 73. Re6 Kd2 74. Rd6+ Ke1 75. Kg2 Rf2+ 76. Kg3 Rxb2 77. Kf3 e2 78. a4 Kf1 0-1

[Event "XXVI. Rhein-Main-Open, Gruppe A"]
[Site "Bad Homburg vor der Höhe"]
[Date "2024.05.28"]
[Round "1"]
[White "Lesny, Florian"]
[Black "Kopf, Rainer"]
[Result "1-0"]
[WhiteElo "2227"]
[BlackElo "1903"]
[PlyCount "69"]
[EventDate "2024.??.??"]
[WhiteTeam "SK Bad Homburg 1927"]
[BlackTeam "SC Bellheim"]

1. e4 e6 2. d4 d5 3. e5 c5 4. c3 Nc6 5. Nf3 Bd7 6. Be2 Nge7 7. Na3 cxd4 8. cxd4 Nf5 9. Nc2 Be7 10. O-O O-O 11. Bd3 Rc8 12. Rb1 Kh8 13. b4 a6 14. g4 Nh4 15. Nxh4 Bxh4 16. f4 g5 17. fxg5 Bxg5 18. Qf3 Rg8 19. Qxf7 Rg7 20. Qh5 Bxc1 21. Rbxc1 Qe7 22. a3 Rcg8 23. h3 Be8 24. Qh6 Bg6 25. Rcd1 Bxd3 26. Rxd3 Rg6 27. Qf4 Qh4 28. Rg3 Ne7 29. Ne3 Nf5 30. Nxf5 exf5 31. Rf2 fxg4 32. Rfg2 Qe7 33. Rxg4 Rf8 34. Rxg6 hxg6 35. Qh6+ 1-0

[Event "XXVI. Rhein-Main-Open, Gruppe A"]
[Site "Bad Homburg vor der Höhe"]
[Date "2024.05.28"]
[Round "1"]
[White "Lindam, Ingo"]
[Black "Miyake Siqueira, Pedro Henrique"]
[Result "1-0"]
[WhiteElo "2180"]
[BlackElo "1847"]
[PlyCount "145"]
[EventDate "2024.??.??"]
[WhiteTeam "SC Hilchenbach"]
[BlackTeam "SK Bad Homburg 1927"]

1. d4 d5 2. Nf3 Nf6 3. c4 dxc4 4. e3 e6 5. Bxc4 c5 6. O-O a6 7. b3 cxd4 8. Nxd4 b5 9. Be2 Bc5 10. Bb2 O-O 11. Nd2 Bb7 12. Bf3 Nd5 13. Ne4 Nd7 14. Nxc5 Nxc5 15. Rc1 Rc8 16. Qd2 Qb6 17. Rfd1 Nf6 18. Qe2 Nce4 19. b4 Bd5 20. Nb3 Bc4 21. Qe1 Rfd8 22. Bd4 Qb8 23. Na5 Bd5 24. Qe2 h6 25. Qb2 Ne8 26. Be5 Qa7 27. Rd4 f5 28. Rcd1 Qe7 29. R4d3 N4f6 30. Qd2 Rd7 31. Bxd5 Rxd5 32. Rxd5 Nxd5 33. a3 Nef6 34. Rc1 Qd7 35. f3 Kh7 36. Kf2 Nb6 37. Qxd7 Nfxd7 38. Rxc8 Nxc8 39. Bd4 Kg6 40. Nc6 Kf7 41. Ke2 Nd6 42. Nd8+ Ke7 43. Nc6+ Kf7 44. Kd3 g6 45. e4 Nc4 46. a4 e5 47. Bc3 f4 48. g3 g5 49. gxf4 gxf4 50. axb5 axb5 51. Be1 Ke6 52. Nd8+ Kf6 53. Bh4+ Kg6 54. Ne6 Nd6 55. Nc7 Nb6 56. Be7 Nbc4 57. Nxb5 Nb2+ 58. Kc2 Nxb5 59. Kxb2 Nd4 60. Bc5 Nxf3 61. b5 Nd2 62. b6 Nc4+ 63. Kc3 Na5 64. Kb4 Nb7 65. Bf2 Kf6 66. Kb5 f3 67. Ka6 Nd6 68. b7 Nxb7 69. Kxb7 Kg5 70. Kc6 Kg4 71. Kd5 Kh3 72. Kxe5 Kxh2 73. Kf4 1-0

[Event "XXVI. Rhein-Main-Open, Gruppe A"]
[Site "Bad Homburg vor der Höhe"]
[Date "2024.05.28"]
[Round "1"]
[White "Loef, Dirk"]
[Black "Schmitt, Clemens"]
[Result "1-0"]
[WhiteElo "2060"]
[BlackElo "1884"]
[PlyCount "71"]
[EventDate "2024.??.??"]
[WhiteTeam "Sfr.Heidesheim"]
[BlackTeam "SV Bergwinkel"]

1. e4 c5 2. Nf3 Nc6 3. Bb5 Nf6 4. Nc3 Nd4 5. a4 a6 6. Bc4 e6 7. O-O Qc7 8. d3 Ng4 9. g3 Nxf3+ 10. Qxf3 Ne5 11. Qe2 Nxc4 12. dxc4 Be7 13. Bf4 Qc6 14. Nd5 Bd8 15. Qg4 exd5 16. exd5 Qg6 17. Rfe1+ Kf8 18. Qe2 f5 19. Ra3 Kf7 20. Re3 Rf8 21. Re8 Kg8 22. Rxf8+ Kxf8 23. Bd6+ Kg8 24. Qe8+ Qxe8 25. Rxe8+ Kf7 26. Rf8+ Kg6 27. Rxd8 b5 28. b3 bxa4 29. bxa4 a5 30. Bxc5 Bb7 31. Rxd7 Ba6 32. Bd4 Bxc4 33. Rxg7+ Kh6 34. f4 Bxd5 35. Rg5 Ra7 36. Bxa7 1-0

[Event "XXVI. Rhein-Main-Open, Gruppe A"]
[Site "Bad Homburg vor der Höhe"]
[Date "2024.05.28"]
[Round "1"]
[White "Mallmann, Bernd"]
[Black "Henrich, Thomas"]
[Result "0-1"]
[WhiteElo "1862"]
[BlackElo "2087"]
[PlyCount "52"]
[EventDate "2024.??.??"]
[WhiteTeam "Schulschach IGS Trier e.V."]
[BlackTeam "SK Marburg 1931/72"]

1. c4 e6 2. g3 d5 3. Bg2 Nf6 4. Nf3 Be7 5. O-O O-O 6. Qc2 d4 7. d3 c5 8. e3 Nc6 9. a3 a5 10. exd4 cxd4 11. Re1 Nd7 12. Bf4 Nc5 13. Ne5 Nxe5 14. Rxe5 f6 15. Re1 e5 16. Bd5+ Kh8 17. Bd2 Bf5 18. Be4 Nxe4 19. dxe4 Be6 20. a4 Qe8 21. c5 Qh5 22. f4 Rfc8 23. b4 exf4 24. bxa5 fxg3 25. hxg3 Bxc5 26. Qd3 Bd6 0-1